00322nam a2200121Ia 4500008004100000245006100041260001700102260000900119300000800128650002300136650001200159856002900171170516s9999 xx 000 0 und d aNanophotonics and Theranostics: Will Light Do the Magic? bTheranostics c2013 a3:3 xMedical Technology xMedtech uhttp://www.thno.org/v3i3